000 00821nam a22002657a 4500
003 dpl
005 20180803170437.0
008 180803b xxu||||| |||| 00| 0 eng d
010 _aB-129326
020 _a039396292
_c225.00
035 _aB-129326, B-129333
037 _bCen Lib/Ret
040 _aDPL
_bEN
_c0
082 _aS
_bDIC
100 _aDickens, Charles
_923040
245 _aOliver twist :
_cby Charles Dickens; edited by Fred Kaplan
_bauthoritive text background and sources early reviews criticism /
260 _aNew York
_bW. W. Norton & Company
_c2004
270 _bNew York
300 _axii, 611p.
_c19cm(pbk)
500 _aIncludes bibliographical references
650 _aLiterature
_96262
650 _aStories
_97500
700 _aKaplan, Fred
_931728
942 _2ddc
_cEN
_hS
_mDIC
999 _c136096
_d136096